000 00741cab a2200253 4500
001 WB3410-08
008 090401t1998 xxu||||| |||| 00| 0 eng d
035 _a(Sirsi) u84811
041 _aeng
245 _aSchool pathfinder bids
260 _c1998
350 _a0
490 _aBuilding
_v263(8029) 6 March 1998, 11(1)
520 _aTwenty-five local authorities are bidding for public-private school `pathfinders` to be chosen later this month.
650 _aCONSTRUCTION MARKET
650 _aEDUCATION SECTOR
650 _aJOINT VENTURES
650 _aLOCAL AUTHORITIES
650 _aPATHFINDER PROJECTS
650 _aSCHOOLS
690 _aBUILT ENVIRONMENT-BUILDING CONTRACT FORMS
942 _n0
948 _c11/03/1998
999 _c53329
_d53329